|
|
|
|
| LEADER |
00706cam a2200205ua 4500 |
| 020 |
|
|
|a 81-7036-518-X
|
| 082 |
|
|
|a 320.6
|b ECH/S
|
| 100 |
0 |
|
|a Echeverri- Gent, John
|
| 245 |
0 |
0 |
|a State and the poor: public policy and political development in India and the United States /
|
| 250 |
|
|
|a 1st ed.
|
| 260 |
|
|
|a New Delhi
|b Vistaar Publications
|c 1995
|
| 300 |
|
|
|a xxxi, 312p.
|
| 500 |
|
|
|a Includes index.
|
| 650 |
|
|
|a Political development in India
|
| 650 |
0 |
|
|a Political development in the United States
|
| 650 |
0 |
|
|a Political science
|
| 650 |
0 |
|
|a Politics
|
| 942 |
|
|
|c BK
|
| 999 |
|
|
|c 9714
|d 9714
|
| 952 |
|
|
|0 0
|1 0
|4 0
|6 320_600000000000000_ECHS
|7 0
|9 10124
|a KUCL
|b KUCL
|d 2014-05-23
|l 0
|o 320.6 ECH/S
|p 03051
|r 2014-05-23
|y BK
|